| 000 | 00333 a2200121 4500 | ||
|---|---|---|---|
| 001 | 57506 | ||
| 082 | _a327.1095491 AZI | ||
| 090 |
_c35236 _d35236 |
||
| 100 | _aDr.Azeem-us-shan,H | ||
| 245 | _aIndia Pakistan insights; basic and cosmetics in human affairs | ||
| 260 |
_aKarachi _bRoyal book company _c2001 |
||
| 300 | _aiv,95p | ||
| 942 |
_aNUST-CAE _k327.1095491 AZI |
||
| 999 |
_c292579 _d292579 |
||